Obálka Náhled e-knihy:
PDF Epub
Pro půjčování e-knih musíte být přihlášeni.
Jak si půjčit online?

Trnitá cesta /

Volné pokračování autorčina romanticko-historického příběhu Třetí zahrada.

Uloženo v:
Série:Třetí zahrada, část 2
Hlavní autor: Parsley, Sarah, 1973- (Autor)
Médium: E-kniha
Jazyk:Czech
Vydáno: [Praha] : Fortuna Libri, 2023
Vydání:První vydání
Témata:
Příbuzné jednotky:Z cyklu:: Třetí zahrada
Tagy:
Žádné tagy
LEADER 02454nam a2200433 i 4500
001 311969
003 CZ PrSKC
005 20260601215715.0
007 ta
008 230616s2023 xr g 000 f cze
015 |a cnb003525328 
020 |a 9788075464620  |q (vázáno) 
035 |a (OCoLC)1389729149 
040 |a ABG001  |b cze  |d ABA001  |e rda 
072 7 |a 821.162.3-3  |x Česká próza  |2 Konspekt 
080 |a 821.162.3-31  |2 MRF 
080 |a (0:82-311.6)  |2 MRF 
080 |a (0:82-312.5)  |2 MRF 
100 1 |a Parsley, Sarah,  |d 1973-  |7 xx0264707  |4 aut 
245 1 0 |a Trnitá cesta /  |c Sarah Parsley 
250 |a První vydání 
264 1 |a [Praha] :  |b Fortuna Libri,  |c 2023 
300 |a 271 stran ;  |c 22 cm 
336 |a text  |b txt  |2 rdacontent 
337 |a bez média  |b n  |2 rdamedia 
338 |a svazek  |b nc  |2 rdacarrier 
520 2 |a Volné pokračování autorčina romanticko-historického příběhu Třetí zahrada.  |b Po letech zábavy, cestování a užívání si života dá Darien svému otci, baronovi z Bergtalu slib, že se do roka ožení. Záhy se v jeho životě objeví tři ženy - naivní služebná Hanka, odvážná a tajemná Dorka, vždy zahalená maskou, a krásná, ale nepřístupná komtesa Olivie. Jeho srdce, věrnost a loajalita však dávno náleží Nelle, která je ale vdaná za jeho nejlepšího přítele. Mladý šlechtic se proto více než hledání manželky věnuje lovu, projížďkám na koni, nočním toulkám městem a honbě za dobrodružstvím. Což nezůstane bez následků. Podaří se mu dodržet slib, který dal otci? Odhalí obchodníky s opiem, kteří tyranizují město? Nakladatelská anotace. 
655 7 |a české romány  |7 fd133974  |2 czenas 
655 7 |a historické romány  |7 fd132414  |2 czenas 
655 7 |a milostné romány  |7 fd132840  |2 czenas 
655 9 |a Czech fiction  |2 eczenas 
655 9 |a historical novels  |2 eczenas 
655 9 |a love novels  |2 eczenas 
787 0 8 |i Z cyklu:  |t Třetí zahrada  |g 2 
900 |a ABA001  |b 21 
044 |a xr 
910 |a RBIT002 
998 |d 378899  |a https://core.palmknihy.cz/api/books/378899/cover?rw6x7o  |b https://core.palmknihy.cz/api/books/378899/cover/400?rw6x7o  |c https://core.palmknihy.cz/api/books/378899/cover/50?rw6x7o  |e 2030-02-16  |g 272  |i 9788075464620  |j https://core.palmknihy.cz/api/books/378899/preview.epub  |k https://core.palmknihy.cz/api/books/378899/preview.pdf  |l   |q 49  |r 1  |s https://www.palmknihy.cz/kniha/378899  |t ebook  |y 2023  |z 0 
999 |d 311967